Investigating local governments : (Record no. 14035)
[ view plain ]
| 000 -LEADER | |
|---|---|
| fixed length control field | 00600nam a22001817a 4500 |
| 003 - CONTROL NUMBER IDENTIFIER | |
| control field | OSt |
| 005 - DATE AND TIME OF LATEST TRANSACTION | |
| control field | 20140310182522.0 |
| 008 - FIXED-LENGTH DATA ELEMENTS--GENERAL INFORMATION | |
| fixed length control field | 130810t xxu||||| |||| 00| 0 eng d |
| 020 ## - INTERNATIONAL STANDARD BOOK NUMBER | |
| International Standard Book Number | 9789718686317 |
| 050 ## - LIBRARY OF CONGRESS CALL NUMBER | |
| Classification number | PN 4748 |
| Item number | .In62 2001 |
| 110 ## - MAIN ENTRY--CORPORATE NAME | |
| Corporate name or jurisdiction name as entry element | Philippine Center for Investigative Journalism. |
| 9 (RLIN) | 9380 |
| 245 ## - TITLE STATEMENT | |
| Title | Investigating local governments : |
| Remainder of title | a manual for reporters / |
| Statement of responsibility, etc | edited by Cecile C. A. Balgos. |
| 300 ## - PHYSICAL DESCRIPTION | |
| Extent | 275 p. ; |
| Other physical details | ill. ; |
| Dimensions | 23 cm. |
| 650 ## - SUBJECT ADDED ENTRY--TOPICAL TERM | |
| Topical term or geographic name as entry element | Local Government |
| General subdivision | Philippines |
| 9 (RLIN) | 9381 |
| 650 ## - SUBJECT ADDED ENTRY--TOPICAL TERM | |
| Topical term or geographic name as entry element | Investigative reporting |
| General subdivision | Philippines |
| 9 (RLIN) | 9382 |
| 942 ## - ADDED ENTRY ELEMENTS (KOHA) | |
| Source of classification or shelving scheme | Library of Congress Classification |
| Koha item type | |
| Withdrawn status | Lost status | Source of classification or shelving scheme | Damaged status | Home library | Current library | Shelving location | Date acquired | Total Checkouts | Full call number | Barcode | Date last seen | Copy number | Price effective from | Koha item type |
|---|---|---|---|---|---|---|---|---|---|---|---|---|---|---|
| Library of Congress Classification | South SEED-LPDH College Library | South SEED-LPDH College Library | South SEED-LPDH College Section | 08/10/2013 | PN 4748 .In62 2001 | SSLC0857 | 05/15/2018 | 1 | 08/10/2013 | Books |